| 000 | 00835nam a22002177a 4500 | ||
|---|---|---|---|
| 003 | 0 | ||
| 005 | 20251017094740.0 | ||
| 008 | 251017b xxu||||| |||| 00| 0 eng d | ||
| 020 | _a978-0-7624-4769-5 | ||
| 050 |
_aBF 632 _b.S56 2023 |
||
| 100 |
_aSincero, Jen, _eauthor. |
||
| 245 |
_aYou are a badass : _bhow to stop doubting your greatness and start living an awesome life / _cJen Sincero. =250 \\$aReading group guide edition. |
||
| 260 |
_aPhiladelphia : _bRunning Press, _c2023. |
||
| 300 |
_a267 pages _c21 cm. |
||
| 504 | _aIncludes reading group guide. | ||
| 520 | _aA motivational guide encouraging readers to identify self-sabotaging beliefs and behaviors to create a life they love. | ||
| 650 | _aSelf-actualization (Psychology) | ||
| 650 | _aMotivation (Psychology) | ||
| 650 | _aConduct of life. | ||
| 942 |
_2lcc _cBK |
||
| 999 |
_c368257 _d368257 |
||